Gaming Quiz

Random Gaming or Minecraft Quiz

The Ultimate Minecraft Quiz Stats

 Plays Quiz not verified by Sporcle

Challenge
Share
Tweet
Embed
Score 0/30 Timer 10:00
0 Plays Today
Hint Answer % Correct
Similar to electrical wireRedstone
93.3%
The most common blockStone
76.1%
Gained by right clicking a cow with a bucketmilk
72.3%
How many blocks a redstone current can go15
68.3%
Name a music disc13
64.8%
Neutral mob during the daySpider
62.1%
The only unbreakable blockbedrock
60.2%
Rarest natural colur of sheeppink
54.9%
A passive mob which doesn't take fall damagechicken
45.8%
Allows the player to teleportEnder pearl
45.8%
Armour crafted with firechain
44.1%
Used to craft leather armour before the introduction of leatherwool
38.9%
Rumoured other inhabitant of single player worldHerobrine
32.2%
The name of notch's blogword of notch
31.6%
The maximum delay in a repeater4
30.5%
Hint Answer % Correct
The update that added the most new features to Minecraft1.8
30.3%
Date Minecraft 1.0 was releasedNovember 18
30.3%
Creeper model is based onpig
28.3%
Date Minecraft Classic was releasedmay 17 2009
27.8%
Zombies originally dropped when killedfeather
27%
Name a block that uses translucent pixelswater
22.3%
Time it takes to mine obsidian with anything except a diamond pickaxe60 seconds
22%
A mob which doesn't spawn naturallygiant
10.5%
The main file required to run Minecraftminecraft.jar
10.1%
Height of a sheep (in blocks)1.25
7.5%
_____ Friday updateseecret
4.8%
Main artist for MinecraftJunkboy
3.9%
First version of Minecraft to cost money to playIndev
3.6%
Sheep originally droppedmushroom
1.6%
Title of original Minecraft reveal videoCave game tech demo
1.2%

You're not logged in!

Compare scores with friends on all Sporcle quizzes.
Join for Free
OR
Log In

You Might Also Like...

Show Comments

Extras

Created May 21, 2012ReportNominate
Tags:Minecraft Quiz, ultimate

Top Quizzes Today


Score Distribution

Your Account Isn't Verified!

In order to create a playlist on Sporcle, you need to verify the email address you used during registration. Go to your Sporcle Settings to finish the process.

Report this User

Report this user for behavior that violates our Community Guidelines.

Details: